Biển tình sóng gió
محفوظ في:
| المؤلف الرئيسي: | |
|---|---|
| التنسيق: | كتاب |
| اللغة: | Undetermined |
| منشور في: |
Hội nhà văn
2001
|
| الوسوم: |
إضافة وسم
لا توجد وسوم, كن أول من يضع وسما على هذه التسجيلة!
|
| Thư viện lưu trữ: | Trung tâm Học liệu Trường Đại học Cần Thơ |
|---|
| LEADER | 00408nam a2200145Ia 4500 | ||
|---|---|---|---|
| 001 | CTU_49062 | ||
| 008 | 210402s9999 xx 000 0 und d | ||
| 082 | |a 813.54 | ||
| 082 | |b A671 | ||
| 100 | |a JANE ARCHER | ||
| 245 | 0 | |a Biển tình sóng gió | |
| 245 | 0 | |c JANE ARCHER, Vũ Đình Phòng | |
| 260 | |b Hội nhà văn | ||
| 260 | |c 2001 | ||
| 980 | |a Trung tâm Học liệu Trường Đại học Cần Thơ | ||